| 000 | 01484nam a2200265 a 4500 | ||
|---|---|---|---|
| 001 | BRCA_3455 | ||
| 005 | 20190320204306.0 | ||
| 041 | _aspa | ||
| 044 | _asp | ||
| 084 |
_a744 _b.A23 _c1910 |
||
| 100 | 1 |
_aAbaurre y Mesa, José _99031 |
|
| 245 | 1 | 0 |
_aHistoria de varios sucesos ocurridos en la aldea después de la muerte del ingenioso hidalgo Don Quijote de la Mancha _cpor José Abaurre y Mesa. |
| 260 |
_aMadrid _bSucesores de Rivadaneyra _c1910 |
||
| 300 |
_a2 v. _c18 cm. |
||
| 500 | _aContenido : v.1. Dedicatoria al director y al lector. Texto. -- v.2. Texto | ||
| 500 | _aEn esta obra, Sansón Carrasco, creyendo ser causante de la muerte de Don Quijote por haberlo vencido en la playa de Barcelona, piensa que los Duques aragoneses que vienen al pueblo para asistir a los funerales del caballero andante, se encaminan allí para vengar en él la muerte que dio a Alonso Quijano. En vista de ello, pone su caballo al galope en dirección de la aldea, y al llegar al sitio donde se está inaugurando una estatua ecuestre de Don Quijote, cae muerto, víctima de una conmoción cerebral. Rústica Lúdovik Osterc | ||
| 500 | _aQMB24 | ||
| 650 | 1 | 4 |
_aNovela española _yÉpoca clásica, 1500-1700 _9215 |
| 650 | 1 | 4 |
_aLiteratura española _yÉpoca clásica, 1500-1700 _9216 |
| 650 | 1 | 4 |
_aNovela española _ySiglo XVII _9217 |
| 650 | 1 | 4 |
_aDon Quijote (Personaje ficticio) _eNovela _9218 |
| 740 | 0 | _aEl Ingenioso Hidalgo Don Quijote de la Mancha | |
| 902 | _aQFM | ||
| 942 |
_2lcc _cB |
||
| 999 |
_c3191 _d3191 |
||